Zákonník práce verzus nezamestnanosť
Miera nezamestnanosti na Slovensku. Analýza trhu a podpora nových pracovných miest. Motivácia podnikateľov a zlepšenie podnikateľského prostredia. Legislatívne zmeny v Zákonníku práce a súlad s požiadavkami EÚ a Rady Európy.
Uložené v:
| Hlavný autor: | |
|---|---|
| Médium: | Kapitola |
| Jazyk: | Slovak |
| Predmet: | |
| Tagy: |
Žiadne tagy, Buďte prvý, kto otaguje tento záznam!
|
MARC
| LEADER | 00000nla$a2200000$$$4500 | ||
|---|---|---|---|
| 001 | 0137039 | ||
| 005 | 20220729105251.8 | ||
| 041 | 0 | |a slo | |
| 044 | |a SK | ||
| 245 | 1 | 0 | |a Zákonník práce verzus nezamestnanosť |c Karol Palkovič |
| 520 | |a Miera nezamestnanosti na Slovensku. Analýza trhu a podpora nových pracovných miest. Motivácia podnikateľov a zlepšenie podnikateľského prostredia. Legislatívne zmeny v Zákonníku práce a súlad s požiadavkami EÚ a Rady Európy. | ||
| 610 | 2 | 0 | |a Slovensko |
| 610 | 2 | 0 | |a trh práce |
| 610 | 2 | 0 | |a nezamestnanosť |
| 610 | 2 | 0 | |a problémy spoločenské |
| 610 | 2 | 0 | |a riadenie sociálno-ekonomické |
| 610 | 2 | 0 | |a situácia sociálna |
| 610 | 2 | 0 | |a zákonník práce |
| 100 | 1 | |a Palkovič, Karol | |